| 000 | 01241nam a2200205Ia 4500 | ||
|---|---|---|---|
| 003 | OSt | ||
| 005 | 20241030082222.0 | ||
| 007 | ca aa aaaaa | ||
| 008 | 201103s9999 xx 000 0 und d | ||
| 040 | _cSSBUL | ||
| 041 | _abur | ||
| 082 |
_223 _a၂၉၄.၃၀၉၂ မ _b၉၂၉၉ S-SAT |
||
| 100 | 0 |
_aမမစိန်၊ ဒေါ် _954892 |
|
| 245 | 1 | 0 |
_aဓါတ်ပေါင်းစုံ ဆရာတော်ဘဒ္ဒန္တသီလဝန္တ၏ ထေရုပ္ပတ္တိအကျဉ်းနှင့်မြန်မာနှင့်ကမ္ဘာတွင် ဗုဒ္ဓသာသနာထွန်းကားပြန့်ပွားရေး ဆောင်ရွက်ခြင်းလုပ်ငန်းများ / _cစီစဉ်တင်ပြသူ ဒေါ်မမစိန်။ |
| 260 |
_aရန်ကုန် ၊ _bစမ်းသီတာစာပေ၊ _c၁၉၉၄။ |
||
| 300 |
_a၄၀ စာမျက်နှာ ၊ _bပုံများ၊ _c၂၄ စင်တီ။ |
||
| 500 | _aS-SAT: Prof. Dr. Sai Aung Tun | ||
| 650 |
_aဆရာတော် ဘဒ္ဒန္တ သီလဝန္တ _xထေရုပ္ပတ္တိ _954893 |
||
| 942 |
_2ddc _cBK1 |
||
| 999 |
_c16741 _d16741 |
||